Ville les plus visitées d'Espagne - Statistiques

Statistiques générales
  • Ce quiz a été pris 114 fois
  • Le résultat moyen est 7 sur 10
Statistiques - réponses
Ville % Correct
1 Barcelone
100%
2 Madrid
99%
3 Séville
92%
4 Valence
82%
6 Bilbao
76%
7 Malaga
67%
9 Alicante
54%
5 Grenade
52%
10 Saragosse
47%
8 Palma de Majorque
44%
Aucun quiz correspondant
Distribution des résultats
% des personnes avec chaque résultat
Percentile par nombre de réponses
Votre historique - résultats
Vous n’avez pas pris ce quiz